Výskum zvariteľnosti karosárskych plechov laserovým lúčom : Diplomová práca

Salvato in:
Dettagli Bibliografici
Autore principale: Bachňák, Peter (Autore)
Altri autori: Hrivňák, Ivan, 1931- (xxx)
Natura: Manoscritto Libro
Lingua:slovacco
Pubblicazione: Trnava : STU v Bratislave MtF KMI, 2002
Soggetti:
Tags: Aggiungi Tag
Nessun Tag, puoi essere il primo ad aggiungerne!!

MARC

LEADER 00000ntm a22000003a 4500
001 stu76352
005 20160719155027.5
008 020628s2002----xo------------------slo-d
040 |a STU  |b slo 
041 0 |a slo 
044 |a xo 
100 1 |a Bachňák, Peter  |4 aut 
245 1 |a Výskum zvariteľnosti karosárskych plechov laserovým lúčom :  |b Diplomová práca 
260 |a Trnava :  |b STU v Bratislave MtF KMI,  |c 2002 
300 |a 78 s  |c abstr. 
650 7 |a zváranie karosárskych plechov  |2 stusub 
650 7 |a laserové lúče  |2 stusub 
650 7 |a kovové a nekovové materiály  |2 stusub 
700 1 |a Hrivňák, Ivan,  |d 1931-  |4 xxx  |u M130  |U MTF Materiálovotechnologická fakulta  |T MTF Katedra materiálového inžinierstva  |X 1479  |U M130  |Y 481  |7 A000001479